History Quiz

Random History or Discovery Quiz

Who Invented It? Quiz Stats

 Plays Quiz Updated Sep 20, 2016

Challenge
Share
Tweet
Embed
Score 0/36 Timer 08:00
1 Play Today
% Correct
Wright, Orville & Wilbur
87.7%
Colt, Samuel
85.2%
Gillette, King
84%
Sax, Adolphe
80.5%
Franklin, Benjamin
78%
Goodyear, Charles
77.2%
Nobel, Alfred
76.2%
Edison, Thomas
70.8%
Gatling, Richard
70.1%
Morse, Samuel
67%
Cousteau, Jacques
66.9%
Bíró, László
61.2%
Naismith, James
60.4%
Volta, Alessandro
60.1%
Otis, Elisha
58.9%
Eastman, George
58.3%
Newton, Isaac
49.1%
Torricelli, Evangelista
46.8%
% Correct
Huygens, Christiaan
45%
Montgolfier, Joseph & Jacques
43.1%
Laennec, René
43.1%
Berners-Lee, Timothy
42.3%
Macintosh, Charles
40%
Pascal, Blaise
39.4%
Yale, Linus
39.3%
Faraday, Michael
32.3%
Kamen, Dean
29.3%
Dewar, James
24.5%
Cockerell, Christopher
22.1%
Whittle, Frank
20.9%
Moore, Hiram
18%
Shaw, Percy
17.2%
Brearley, Harry
17%
Glidden, Joseph
15.3%
Spencer, Percy
14.8%
Maiman, Theodore
11.4%

You're not logged in!

Compare scores with friends on all Sporcle quizzes.
Join for Free
OR
Log In

You Might Also Like...

Show Comments

Extras

Top Quizzes Today


Score Distribution

Your Account Isn't Verified!

In order to create a playlist on Sporcle, you need to verify the email address you used during registration. Go to your Sporcle Settings to finish the process.

Report this User

Report this user for behavior that violates our Community Guidelines.

Details: